Obálka Náhled e-knihy:
PDF Epub
Pro půjčování e-knih musíte být přihlášeni.
Jak si půjčit online?

Šest vran /

Fantasy román odehrávající se ve stejném světě jako trilogie Griša. Šest nebezpečných zločinců se pokusí o nemožné - vloupat se do Ledového paláce, nejstřeženější pevnosti světa.

Uloženo v:
Série:Šest vran, část 1
Hlavní autor: Bardugo, Leigh, 1975- (Autor)
Další autoři: Žemlová, Julie (Autor)
Médium: E-kniha
Jazyk:Czech
Vydáno: Praha : Fragment, 2017
Témata:
On-line přístup:RECENZE (časopis Párek)
Příbuzné jednotky:Z cyklu:: Šest vran
Tagy:
Žádné tagy
LEADER 02777nam a2200505 i 4500
001 310825
003 CZ PrSKC
005 20260601215655.0
007 ta
008 170914s2017 xr d 000 f cze
015 |a cnb002932825 
020 |a 9788025333150  |q (vázáno) :  |c Kč 369,00 
035 |a (OCoLC)1011110499 
040 |a OLA001  |b cze  |d ABA001  |e rda 
041 1 |a cze  |h eng 
072 7 |a 821.111(73)-3  |x Americká próza  |2 Konspekt 
072 7 |a 821-93  |x Literatura pro děti a mládež (beletrie)  |2 Konspekt 
080 |a 821.111(73)-31  |2 MRF 
080 |a 821-93  |2 MRF 
080 |a (0:82-312.9)  |2 MRF 
100 1 |a Bardugo, Leigh,  |d 1975-  |7 ola2017940808  |4 aut 
240 1 0 |a Six of crows.  |l Česky 
245 1 0 |a Šest vran /  |c Leigh Bardugo ; z anglického originálu Six of crows přeložila Julie Žemlová 
264 1 |a Praha :  |b Fragment,  |c 2017 
300 |a 384 stran ;  |c 25 cm 
336 |a text  |b txt  |2 rdacontent 
337 |a bez média  |b n  |2 rdamedia 
338 |a svazek  |b nc  |2 rdacarrier 
520 2 |a Fantasy román odehrávající se ve stejném světě jako trilogie Griša. Šest nebezpečných zločinců se pokusí o nemožné - vloupat se do Ledového paláce, nejstřeženější pevnosti světa. 
520 2 |a Ketterdam - rušné přístavní město, kde se dá za peníze koupit naprosto cokoliv. Nikdo to neví lépe než Kaz Brekker, fenomenální podvodník a zloděj. Neštítí se žádné špinavé práce a dokáže vybruslit z každé situace. Jednoho dne dostane nabídku, na kterou by kývl jen šílenec. Pohádková odměna však několikanásobně převyšuje všechna nebezpečí, která ze sebevražedné zakázky plynou. Sám to ale nezvládne. Bude potřebovat další pomocníky... Nakladatelská anotace. 
655 7 |a americké romány  |7 fd131796  |2 czenas 
655 7 |a fantasy romány  |7 fd184199  |2 czenas 
655 7 |a publikace pro mládež  |7 fd133157  |2 czenas 
655 9 |a American fiction  |2 eczenas 
655 9 |a fantasy novels  |2 eczenas 
655 9 |a juvenile literature  |2 eczenas 
700 1 |a Žemlová, Julie  |7 xx0147330  |4 trl 
787 0 8 |i Z cyklu:  |t Šest vran  |g 1 
856 4 2 |u https://issuu.com/knihovnaostrava/docs/parek_prosinec_2017_web  |y RECENZE (časopis Párek)  |4 N 
900 |a ABA001  |b 21 
928 9 |a Albatros Media - Fragment 
044 |a xr 
910 |a RBIT002 
998 |d 175121  |a https://core.palmknihy.cz/api/books/175121/cover?sko4fw  |b https://core.palmknihy.cz/api/books/175121/cover/400?sko4fw  |c https://core.palmknihy.cz/api/books/175121/cover/50?sko4fw  |e 2027-04-22  |g 384  |i 9788025333150  |j https://core.palmknihy.cz/api/books/175121/preview.epub  |k https://core.palmknihy.cz/api/books/175121/preview.pdf  |l   |q 49  |r 1  |s https://www.palmknihy.cz/kniha/175121  |t ebook  |y 2017  |z 0  |v Šest vran  |w 1 
999 |d 310823